| 000 | 00818cam a22002177a 4500 | ||
|---|---|---|---|
| 999 |
_c57432 _d57432 |
||
| 001 | 18323211 | ||
| 005 | 20221107121106.0 | ||
| 008 | 141002s2014 fr a b i001 0 eng | ||
| 020 | _a9789283224358 X | ||
| 041 | _aeng | ||
| 080 | _a616-006+618 W-64 | ||
| 245 | 0 | 0 |
_aWHO classification of tumours of female reproductive organs / _cedited by Robert J. Kurman ... [et al.]. |
| 250 | _a4th ed. | ||
| 264 |
_aLyon : _bInternational Agency for Research on Cancer, _c2014. |
||
| 300 |
_a307 p. : _bcol. ill. ; _c27 cm. |
||
| 653 | _aქალის რეპროდუქციული ორგანოების სიმსივნე | ||
| 653 | _aმედიცინა | ||
| 653 | _aონკოლოგია | ||
| 700 | 1 |
_aKurman, Robert J. _eრედაქტორი _98615 |
|
| 942 |
_2udc _cBK |
||